• 首页
  • 本馆介绍
  • 公告通知
  • 最新文献
  • 馆藏检索
  • 电子资源
  • 读者导购
  • 参考咨询
  • 我的图书馆
  • 登录
  • 详细信息显示
  • 放入我的书架
  • 预约/预借图书
  • 作者相关作品
  • 分类相关作品
  • 丛书相关作品
  • 出版社相关作品

书目信息

  • 表格格式
  • 工作单格式
  • 卡片格式
题名:
电视节目整合评估体系
    
 
作者: 张海潮 著
分册:  
出版信息: 北京   中国传媒大学出版社  2009
页数: 158页
开本: 24cm
丛书名: 媒介市场调查与研究丛书
单 册:
中图分类: G222.3
科图分类:
主题词: 电视节目--评估--中国 , 电视节目
电子资源:
ISBN: 978-7-81127-281-9
000 01054oam2 2200277 45
001 1130189672
005 20110309091318.40
010    @a978-7-81127-281-9@dCNY35.00
100    @a20110122d2009 em y0chiy50 ea
101 0  @achi
102    @aCN@b110000
105    @ay z 000yy
106    @ar
200 1  @a电视节目整合评估体系@ADian Shi Jie Mu Zheng He Ping Gu Ti Xi@dIntegrated evaluation systems for TV programs@f张海潮著@FZhang Hai Chao Zhu@zeng
210    @a北京@c中国传媒大学出版社@d2009
215    @a158页@d24cm
225 2  @a媒介市场调查与研究丛书
330    @a本书在总结国内外电视节目评估研究和应用成果的基础上,结合中国电视业的实际状况,根据电视节目生产运营中的设计、生产、播出、评估四大环节,构建了新型的电视节目整合评估体系。
461  0 @12001 @a媒介市场调查与研究丛书
510 1  @aIntegrated evaluation systems for TV programs@zeng
606 0  @a电视节目@x评估@y中国
606 0  @a电视节目
690    @aG222.3@v4
701  0 @a张海潮@AZhang Hai Chao@4著
801  0 @aCN@bTANGWEI@c20110309
905    @b0530305-08@dG222.3@e113@f4
    
    电视节目整合评估体系=Integrated evaluation systems for TV programs/张海潮著.-北京:中国传媒大学出版社,2009
    158页;24cm.-(媒介市场调查与研究丛书)
    
    
    ISBN 978-7-81127-281-9:CNY35.00
    本书在总结国内外电视节目评估研究和应用成果的基础上,结合中国电视业的实际状况,根据电视节目生产运营中的设计、生产、播出、评估四大环节,构建了新型的电视节目整合评估体系。
●
相关链接 在E读中查询图书 在五车中查询图书 在当当中查询图书 在豆瓣中查询图书


正题名:电视节目整合评估体系     索取号:G222.3/113         预约/预借

序号 登录号 条形码 馆藏地/架位号 状态 备注
1 0530305   205303054   第一样本阅览室/ [索取号:G222.3/113] 在馆    
2 0530306   205303063   密集书库-文学院/ [索取号:G222.3/113] 在馆    
3 0530307   205303072   第四借阅区/ [索取号:G222.3/113] 在馆    
4 0530308   205303081   第四借阅区/ [索取号:G222.3/113] 在馆    
唐山师范学院图书馆 欢迎您!
大连网信软件有限公司© 版权所有